Muscles 101 - Statistics

General Stats
  • This quiz has been taken 104 times
  • The average score is 6 of 11
Answer Stats
Hint Answer % Correct
Are your skeletal muscles, involuntary or voluntary? In
100%
Is your heart a voluntary or involuntary muscles? Vo
100%
Are your intestines involuntary or voluntary muscles? Vo
100%
Do muscles contract or push? Contract
71%
Where is the biggest muscle in your body? Butt
39%
Where is the smallest muscle in your body? Ear
39%
How many muscles are in the body? 697
25%
What type of muscles start with CA Cardiac muscles
21%
What type of muscles start with SK Skeletal muscles
21%
What type of muscles start with SM Smooth muscles
21%
How many muscles do you need to walk? 200
18%
No matching quizzes found
Score Distribution
Percent of People with Each Score
Percentile by Number Answered
Your Score History
You have not taken this quiz